| 000 | 01011cam a2200277 4500 | ||
|---|---|---|---|
| 001 | 307555 | ||
| 005 | 20020405132714.0 | ||
| 008 | 731019s1974 dcua b 001 0 eng | ||
| 010 | _a 73018278 | ||
| 020 | _a0070108455 | ||
| 040 |
_aDLC _cDLC _dDLC |
||
| 050 | 0 | 0 |
_aTP155.7 _b.C46 |
| 082 | 0 | 0 |
_a660.2812 _222 _bCHU |
| 100 | 1 |
_aChurchill, Stuart Winston, _d1920- _97083 |
|
| 245 | 1 | 4 |
_aThe interpretation and use of rate data; _bthe rate concept _c[by] Stuart W. Churchill. |
| 260 |
_aWashington, _bScripta Pub. Co. _c[1974] |
||
| 300 |
_axxvii, 510 p.: _bill. ; _c23 cm. |
||
| 490 | 0 | _aMcGraw-Hill chemical engineering series | |
| 504 | _aIncludes bibliographical references and index | ||
| 650 | 0 |
_aChemical processes. _97084 |
|
| 650 | 0 |
_aTransport theory. _97085 |
|
| 650 | 0 |
_aChemical kinetics. _97086 |
|
| 740 | 0 | _aRate concept. | |
| 942 |
_2ddc _cBB |
||
| 999 |
_c12073 _d12073 |
||